Central Library OPAC University of Rajshahi

The floors of the oceans / (Record no. 73241)

MARC details
000 -LEADER
fixed length control field 00788nam a2200241 a 4500
001 - CONTROL NUMBER
control field 73241
003 - CONTROL NUMBER IDENTIFIER
rucl marc code BD-RjUL
005 - DATE AND TIME OF LATEST TRANSACTION
control field 20211209082351.0
008 - FIXED-LENGTH DATA ELEMENTS--GENERAL INFORMATION
fixed length control field 170529s1959 nyuab b 000 0 eng
035 ## - SYSTEM CONTROL NUMBER
System control number (BD-RjUL)73459
040 ## - CATALOGING SOURCE
Original cataloging agency DLC
Transcribing agency OWibfC
Modifying agency OCoLC
-- DLC
-- BD-RjUL
Language of cataloging eng
041 ## - LANGUAGE CODE
Language code of text/sound track or separate title eng
082 ## - DEWEY DECIMAL CLASSIFICATION NUMBER
Edition number 23
Classification number 551.468
Author mark and year HEF 1959
100 1# - MAIN ENTRY--PERSONAL NAME
Personal name Heezen, Bruce C.
9 (RLIN) 216647
245 14 - TITLE STATEMENT
Title The floors of the oceans /
Statement of responsibility, etc. by Bruce C. Heezen, Marie Tharp and Maurice Ewing.
260 ## - PUBLICATION, DISTRIBUTION, ETC. (IMPRINT)
Place of publication, distribution, etc. New York :
Name of publisher, distributor, etc. Geological Society of America,
Date of publication, distribution, etc. 1959
300 ## - PHYSICAL DESCRIPTION
Pagination Various p. :
Illustrations ill. ;
Size 25 cm.
410 20 - SERIES STATEMENT/ADDED ENTRY--CORPORATE NAME [OBSOLETE, CAN/MARC], [LOCAL, USA]
Corporate name or jurisdiction name as entry element Geological Society of America.
Volume number/sequential designation 65
504 ## - BIBLIOGRAPHY, ETC. NOTE
Bibliography, etc Bibliography: v. 1, p. 109-113.
650 ## - SUBJECT ADDED ENTRY--TOPICAL TERM
Topical term or geographic name as entry element Submarine geology
9 (RLIN) 216648
830 ## - SERIES ADDED ENTRY--UNIFORM TITLE
Uniform title Geological Society of America.
Volume number/sequential designation 65
942 ## - ADDED ENTRY ELEMENTS (KOHA)
Source of classification or shelving scheme Dewey Decimal Classification
Koha item type Books
Holdings
Lost status Source of classification or shelving scheme Damaged status Not for loan Collection code Permanent Location Current Location Shelving location Date acquired Source of acquisition Cost, normal purchase price Total Checkouts Full call number Date last seen Copy number Koha item type
  Dewey Decimal Classification   Not For Loan Non-fiction Central Library, University of Rajshahi Central Library, University of Rajshahi Reading Room 04/06/1964 Zeithinger 56.00   551.468 HEF 1959 29/05/2017 C-1 Books